Normal view
MARC view
- Duster, Troy
Entry Personal Name
001 - CONTROL NUMBER
- control field: 110328
003 - CONTROL NUMBER IDENTIFIER
- control field: NUST
005 - DATE AND TIME OF LATEST TRANSACTION
- control field: 20230315135323.0
008 - FIXED-LENGTH DATA ELEMENTS
- fixed length control field: 230315|| aca||aabn | a|a d
040 ## - CATALOGING SOURCE
- Original cataloging agency: NUST
- Transcribing agency: NUST
100 ## - HEADING--PERSONAL NAME
- Personal name: Duster, Troy
670 ## - SOURCE DATA FOUND
- Source citation: Work cat.: (NUST)184818: Duster, Troy., The legislation of morality:, 1970
